Music Quiz

Random Music or Lyrics Quiz

Song Lyric Match: Bob Dylan Quiz Stats

 Plays Quiz not verified by Sporcle

Challenge
Share
Tweet
Embed
Score 0/20 Timer 05:00
2 Plays Today
% Correct
Blowin' In The Wind
92.1%
The Times They Are A-Changin'
91%
Like A Rolling Stone
89.5%
Subterranean Homesick Blues
89.1%
Knockin' On Heaven's Door
88.7%
Mr. Tambourine Man
88.7%
Don't Think Twice, It's All Right
85%
All Along The Watchtower
85%
Masters Of War
82.7%
Just Like A Woman
73.3%
% Correct
Lay Lady Lay
68.4%
Big Yellow Taxi
63.5%
Highway 61 Revisited
57.5%
Tell Me That It Isn't True
53%
Lily Of The West
51.5%
Restless Farewell
46.6%
Living The Blues
36.8%
On The Road Again
31.2%
Something There Is About You
25.2%
Highway 51 Blues
24.4%

You're not logged in!

Compare scores with friends on all Sporcle quizzes.
Join for Free
OR
Log In

You Might Also Like...

Show Comments

Extras

Top Quizzes Today


Score Distribution

Your Account Isn't Verified!

In order to create a playlist on Sporcle, you need to verify the email address you used during registration. Go to your Sporcle Settings to finish the process.

Report this User

Report this user for behavior that violates our Community Guidelines.

Details: